000 01204nam a2200337 i 4500
001 000040419
003 DO-SdBNP
005 20260211132643.0
007 ta
008 090702s2009 dr r 001 0 spa d
020 _a9789945162790
040 _aDO-SdBNP
_bspa
_cBNPHU
_erda
041 _aspa
082 4 _a920.71
_bC183c 2009
_222
100 1 _aCamilo, Antonio Manuel,
_d1950-
_eautor
_4aut.
_97752
245 1 3 _aEl cáncer que me dio la paz /
_cAntonio Manuel Camilo ; prólogo, Pedro Camilo.
250 _asegunda edición
264 1 _aSanto Domingo :
_beditora Búho,
_c2009.
300 _a252 páginas ;
_c23 cm.
336 _atexto
_btxt
_2rdacontent
337 _asin mediación
_bn
_2rdamedia
338 _avolumen
_bnc
_2rdacarrier
500 _aIncluye referencias bibliográficas, notas al pie de las páginas e índice onomástico
500 _aIncluye datos biografícos del autor en la solapa de la cubierta.
590 _aInventariado, 2019/ YL
600 1 4 _aCamilo, Antonio Manuel,
_d1950-
_97753
651 4 _aRepública Dominicana
_xBiografías
_91325
700 1 _aCamilo, Pedro,
_eprologuista
_4pr.
_97754
910 _aValidado. Control de calidad. MFF
942 _2ddc
_cLBS1
999 _c39909
_d39909